000 00670nam a2200217Ia 4500
003 GCL
008 140319s9999 xx 000 0 ara d
040 _aGCL /
_cGCL
082 0 4 _aن
_b612.0144
_bخ ا
100 1 _aخالد الخطيب
245 1 0 _aالاشعة السريرية clinical radiology /
_cخالد الخطيب
260 _a[S.N] :
_bدار قابس للطباعة والنشر والتوزيع ،
_c1990
300 _a287 ص
490 _a
650 0 4 _aالطب
650 0 4 _aالاشعة
650 0 4 _aالاستخدام العلاجى
650 0 4 _aالتصوير بالاشعة
650 0 4 _aالاشعة الطبية
942 _2ddc
_cBK
999 _c35608
_d35608